01659nam a2200421 i 4500001000700000003000800007005001700015006001900032007001500051008004100066035002300107035002400130035002500154035002100179040003100200050002500231080001200256082001800268110005600286245014000342264004500482300004100527336003100568337003300599338004300632588012500675590016400800650003000964650002800994650001601022650001401038651004601052651001201098655002701110797001901137856006201156999001901218120269FlNmELB20241217175237.0m o d | cr cnu||||||||140901s2013 flu o 000 0 spa d a(MiAaPQ)EBC3219534 a(Au-PeEL)EBL3219534 a(CaPaEBR)ebr10853728 a(OCoLC)992034102 aFINmELBbspaerdacFINmELB 4aHN350.Z11bP428 2013 a323(85)0 a303.609872232 aPerú, Comisión de la verdad y reconciliación.10aComisión de la verdad y reconciliación.nanexo 1,pcronología 1978-2000 /cComisión de la verdad y reconciliación del Perú. 1aMiami :bEl Cid Editor / apuntes,c2013. a1 recurso en línea (342 páginas) atextobtxt2rdacontent/spa acomputadorabc2rdamedia/spa arecurso en líneabcr2rdacarrier/spa aDescripción basada en recurso en línea; Título de la página del título en PDF (e-libro, visto August 1, 2014). aRecurso electrónico. Santa Fe, Arg.: e-libro, 2015. Disponible vía World Wide Web. El acceso puede estar limitado para las bibliotecas afiliadas a e-libro. 0aPolitical violencezPeru. 0aSocial movementszPeru. 4aPolítica. 4aGobierno. 0aPeruxPolitics and governmenty1978-2002. 4aPerú. 4aLibros electrónicos.2 ae-libro, Corp.40uhttps://elibro.net/ereader/politecnicointernacional/30540 c120269d120269